| 000 | 00618nam a22002298a 4500 | ||
|---|---|---|---|
| 020 | _a0485112663 : | ||
| 040 | _cUKM | ||
| 082 | 0 | _a330 ATH 1987 A068 Or. | |
| 100 | 1 | 0 | _aDore, Ronald Philip |
| 245 | 1 | 0 |
_aTaking Japan seriously : _ba Confucian perspective on leading economic issues / |
| 260 | 0 |
_aLondon : _bAthlone Press, _cc1987 |
|
| 300 |
_aix, 264 p. : _bill. ; _c23 cm |
||
| 500 | _aIncludes index | ||
| 650 | 0 | _aIndustries | |
| 650 | 0 | _aIndustrial policy | |
| 650 | 0 | _aIndustries | |
| 650 | 0 | _aIndustrial policy | |
| 650 | 0 | _aEconomics | |
| 650 | 0 | _aConfucianism | |
| 650 | 0 | _aEconomics | |
| 942 | _cEK | ||
| 999 |
_c14478 _d14478 |
||